Регионална библиотека "Любен Каравелов" - Русе

Холера (Запис номер 342766)

MARC детайли
000 -Лидер
Контролно поле с фиксирана дължина 01154nam a2200301 c 4500
003 - Код на организацията, давaща контролен номер
Контролно поле BLK
005 - Дата и час на последна редакция
Контролно поле 20200428121124.0
008 - Елементи от данни с фиксирана дължина
fixed length control field 180911b bul|||||r ||||||| ||bul||
010 ## - Наследен системен номер
LC control number 002424
040 ## - Източник на каталожния запис
Идентификатор на билиотеката - собственик на записа BLK
041 ## - Код за език
Код за езика на текст/звукозапис или на отделно заглавие Български
Код за езика КДБФ Български
080 ## - УДК
УДК - код + определител 886.7-32
100 1# - Редна дума - Автор
Автор СТОЯНОВ, Людмил
Авторска отговорност първи автор
R(LIN) 397127
245 00 - Сведения за заглавието
Заглавие Холера
246 ## - Различни форми на заглавието
Паралелно заглавие Войнишки дневник : Първа хиляда
Наименование на поредна част от произведението епос-романи
260 ## - Област на издателските данни
Място на издаване, разпространение и проч. София
Име на издателя, разпространителя и проч. Земя и култура
Година на издаване 1935
Печатница "Братя Миладинови"
300 ## - Физическа характеристика
Страници 120 с., 1 л
Илюстрации и др. портр.
Размери/Мащаб 18 см
380 ## - Жанр
Жанр Литературознание
490 ## - СЕРИИ (Колекции)
Име на серия Частна колекция - Академик Михаил Арнаудов
Бележки за серията Дарение - Основен фонд
500 ## - Общи забележки
Забележка Автограф с текст: На проф. Мих. Арнаудов сърдечен приятелски спомен Людм Стоянов 21/ХII. 935 София;
650 ## - Допълнително описание по предмет – тема
Основно описание – тема или топоним Проза
9 (RLIN) 167961
653 ## - Ключова дума – ненормативна
Ключова дума епос
653 ## - Ключова дума – ненормативна
Ключова дума романи
655 ## - Ключова дума – жанр/разновидност
Данни за жанр/разновидност или ключова дума за фокус българска литература
700 1# - Други автори (авторска отговорност)
Лично име Людмил Стоянов
9 (RLIN) 398337
852 ## - Местоположение
Форматна сигнатура МА 1600
Фондова буква Фонд "Михаил Арнаудов"
999 ## - СИСТЕМНИ КОНТРОЛНИ НОМЕРА
Koha biblionumber 342766
Koha biblioitemnumber 342766
942 ## - АРТИКУЛИ
Вид на библиотечния материал Книги
Скрит в OPAC Не
Периодичен библиозапис Да
944 ## - СЪЗДАВАНЕ И РЕДАКЦИЯ на ЗАПИСА
Създаване/Редакция Създаване
Дата на регистрацията/редакция 1996
Служител, извършил регистрацията/редакцията ValK
999 ## - СИСТЕМНИ КОНТРОЛНИ НОМЕРА
Koha biblioitemnumber 342766
999 ## - СИСТЕМНИ КОНТРОЛНИ НОМЕРА
Koha biblioitemnumber 342766
Наличности
Код за отписване Код за изгубен артикул Източник на класификационната схема Код за повреда Коз за рестрикции Код за отдаване Артикулен № Име на библиотеката - собственик Име на библиотеката, в която се намира в момента Статус (Текущо местоположение) Местоположение - отдел Цена в лева Номерация (Хронология) Инвентарен номер Систематично азбучна сигнатура Баркод Номер на екземпляра Цена в евро Служебен тип на артикула
  Не е изгубен Universal Decimal Classification Не е повреден без рестрикции Специални фондове ( старопечатни, редки и ценни, фонд М. Арнаудов) 742899 Регионална библиотека "Любен Каравелов" Русе Регионална библиотека "Любен Каравелов" Русе Фонд "Михаил Арнаудов" Фонд "Михаил Арнаудов" 40.00 Автограф: Людмил Стоянов 589034 МА 1600 120000589034 1 20.45 Книги
Vip Innovations Ltd, Rousse, Bulgaria 2025